| 000 | 00859nam a2200241 a 4500 | ||
|---|---|---|---|
| 001 | BRCA_5448 | ||
| 005 | 20190320205101.0 | ||
| 008 | 860205s1913 nyuac#####---#000-0aeng-# | ||
| 050 | 4 |
_aND623 _b.T58 1913 |
|
| 245 | 1 | 0 |
_aThe work of Titian _breproduced in over two hundred illustrations _cwith a biographical introduction abridged from Osker Fischel. |
| 260 |
_aNueva York _bBrentano´s _c1913 |
||
| 300 |
_a22 p., 213 p. de láminas _bil., láminas _c27 cm. |
||
| 440 | 0 |
_aClassics in the art series _v3 _913913 |
|
| 500 | _aIncluye más de docientas ilustraciones e introducción biográfica | ||
| 500 | _aEdición con cabeza dorada | ||
| 500 | _aM33 | ||
| 600 | 1 | 4 |
_aTiziano Vecellio _d1477-1576 _913914 |
| 650 | 1 | 4 |
_aPintores italianos _97654 |
| 650 | 1 | 4 |
_aPinturas itlianas _913915 |
| 700 | 1 |
_aFischel, Osker _913916 |
|
| 902 | _aGFM | ||
| 942 |
_2lcc _cB |
||
| 999 |
_c5142 _d5142 |
||